[Event "CZE-chT2a 0001"]
[Site "Czech Republic"]
[Date "2001.??.??"]
[Round "9"]
[White "Vozka, Pavel"]
[Black "Hosek, Milan"]
[Result "1/2-1/2"]
[WhiteElo "2290"]
[BlackElo "2265"]
[PlyCount "30"]
[EventDate "2000.??.??"]
[EventType "team"]
[EventRounds "11"]
[EventCountry "CZE"]
[SourceTitle "EXT 2003"]
[Source "ChessBase"]
[SourceDate "2002.11.25"]
[SourceVersion "1"]
[SourceVersionDate "2002.11.25"]
[SourceQuality "1"]

1. e4 c6 2. d4 d5 3. e5 Bf5 4. Nc3 e6 5. g4 Bg6 6. Nge2 h6 7. Nf4 Bh7 8. Be3 Nd7 9. Bd3 Bxd3 10. Qxd3 Qb6 11. 0-0-0 0-0-0 12. Kb1 Kb8 13. Nce2 Rc8 14. c4 dxc4 15. Qxc4 Qa5 1/2-1/2

[Event "CZE-chT2 9900"]
[Site "Czech Republic"]
[Date "2000.??.??"]
[Round "?"]
[White "Belaska, Premysl"]
[Black "Vozka, Pavel"]
[Result "1/2-1/2"]
[WhiteElo "2280"]
[BlackElo "2260"]
[PlyCount "58"]
[EventDate "1999.??.??"]
[EventType "team"]
[EventRounds "11"]
[EventCountry "CZE"]
[SourceTitle "EXT 2001"]
[Source "ChessBase"]
[SourceDate "2000.11.22"]
[SourceVersion "1"]
[SourceVersionDate "2000.11.22"]
[SourceQuality "1"]

1. e4 c5 2. Nf3 Nc6 3. d4 cxd4 4. Nxd4 Nf6 5. Nc3 d6 6. Bg5 Bd7 7. Qd2 Rc8 8. 0-0-0 Nxd4 9. Qxd4 Qa5 10. Be3 a6 11. f3 g6 12. Kb1 Bg7 13. Nd5 Be6 14. Qb6 Qxb6 15. Bxb6 Bxd5 16. exd5 Nd7 17. Be3 0-0 18. Be2 Nc5 19. Rhe1 Bf6 20. g3 Rc7 21. Rd2 Rfc8 22. h4 b5 23. h5 Rb8 24. Rh1 Na4 25. Bd4 Bxd4 26. Rxd4 Rbc8 27. c3 Nb6 28. f4 Rc5 29. Bf3 Rc4 1/2-1/2